000
00294nam a2200121Ia 4500
100
_a
Wartikar/J.N./ Wartikar/P.N.
942
_c
BK
654
_a
mathematics
245
_a
Engineering Mathematics-III
260
_b
Pune vidyarthi griha prak.
_a
Pune
082
_a
511
_b
WAR/WAR
546
_a
ENGLISH
999
_c
23257
_d
23257